| 000 | 00743nam a2200241 a 4500 | ||
|---|---|---|---|
| 008 | |||
| 020 | _a075061983X (pbk.) | ||
| 049 | _aMAIN | ||
| 090 | 0 | 4 | _aHF1604 |
| 100 | 1 | _aBucknall, Kevin B. | |
| 245 | 1 | 0 |
_aKevin B. Bucknall's cultural guide to doing business in China / _cKevin B. Bucknall. |
| 260 |
_aOxford : _bButterworth-Heinemann, _c1994. |
||
| 300 |
_ax, 169 p. ; _c24 cm. |
||
| 500 | _aIncludes index. | ||
| 650 | 0 |
_aBusiness etiquette _zChina. |
|
| 650 | 0 |
_aInvestments, Foreign _zChina. |
|
| 740 | 0 | _aCultural guide to doing business in China. | |
| 907 |
_a.b10084800 _b25-07-03 _c25-07-03 |
||
| 003 | |||
| 005 | 20230123133354.0 | ||
| 040 | _cNUST | ||
| 942 |
_cBOOKS _kHF1604 |
||
| 999 |
_c147441 _d147441 |
||